Estadísticas para Ciudades más grandes de España

Haz click aquí para intentar la prueba.

Estadísticas generales

  • Esta prueba ha sido intentada 99 veces
  • La puntuación promedio es 16 de 20

Estadísticas de respuestas

PoblaciónRespuesta% Correcto
3.182.981Madrid
100%
1.620.809Barcelona
99%
689.434Sevilla
98%
787.808Valencia
97%
345.110Bilbao
96%
569.002Málaga
95%
664.938Zaragoza
93%
325.916Córdoba
89%
299.715Valladolid
87%
232.770Granada
83%
244.099La Coruña
83%
443.243Murcia
83%
329.988Alicante
81%
377.650Las Palmas de Gran Canaria
77%
292.986Vigo
76%
272.365Gijón
74%
406.492Palma
73%
257.349Hospitalet de Llobregat
59%
228.675Elche
55%
246.976Vitoria
52%

Distribución de puntuación

Porcentaje por número respondido

Porcentaje de gente con cada puntuación

Historial de tus puntuaciones

No has intentado esta prueba.